000
00355nam a2200133Ia 4500
008
100328s9999 xx 000 0 und d
082
_b
53891
100
_a
अंतरकर आनंद-संपा.
245
_a
हंस कथा-2
260
_b
हंस
630
_a
हंस कथा-2
730
_a
हंस कथा-2
942
_c
BOOK
999
_c
540622
_d
540619